000
00311nam a2200133Ia 4500
005
20260326100039.0
008
260326s9999||||xx |||||||||||||| ||und||
100
_a
Le Corbusier
245
0
_a
Hacia una Arquitectura /
_c
Le Corbusier
260
_b
Poseidón
300
_a
238 p.
650
_a
TEORÍA
942
_c
BK
999
_c
6952
_d
6952